[Event "NOR-ch U20"]
[Site "Lillehammer"]
[Date "2013.06.29"]
[Round "9"]
[White "Simensen, Vegard"]
[Black "Kjoita, Torgeir Jakhelln"]
[Result "0-1"]
[WhiteElo "1749"]
[BlackElo "1939"]
[PlyCount "178"]
[EventDate "2013.06.29"]
[EventType "swiss"]
[EventRounds "9"]
[EventCountry "NOR"]
[SourceTitle "EXT 2017"]
[Source "ChessBase"]
[SourceDate "2016.10.25"]
[SourceVersion "1"]
[SourceVersionDate "2016.10.25"]
[SourceQuality "1"]

1. d4 Nf6 2. c4 c5 3. d5 b5 4. cxb5 a6 5. bxa6 Bxa6 6. Nc3 g6 7. e4 Bxf1 8. Kxf1 d6 9. Nf3 Bg7 10. g3 0-0 11. Kg2 Qb6 12. Re1 Nfd7 13. Re2 Na6 14. Bg5 Rfe8 15. h4 Nc7 16. Qd2 Nb5 17. Nxb5 Qxb5 18. Bf4 Ra4 19. e5 dxe5 20. b3 Rb4 21. Nxe5 Rd4 22. Qc2 Rxd5 23. Rae1 e6 24. Nc4 Nb6 25. f3 Ra8 26. Be5 Bxe5 27. Nxe5 Rad8 28. Ng4 Rd4 29. h5 c4 30. hxg6 hxg6 31. Qc1 Rxg4 32. fxg4 Qd5+ 33. Kg1 cxb3 34. axb3 Qxb3 35. Qf4 Nd5 36. Qe5 Qb8 37. Qxb8 Rxb8 38. Kg2 Rb3 39. Re4 Kg7 40. Rc1 Nf6 41. Rec4 g5 42. Kh3 Nd5 43. Kh2 Ne3 44. Re4 Kg6 45. Re1 Rb2+ 46. Kh1 Nd5 47. Ra4 Rd2 48. Rae4 Nc3 49. R4e3 Nd1 50. R3e2 Nf2+ 51. Kg2 Rxe2 52. Rxe2 Nxg4 53. Kf3 Kf5 54. Ra2 Ne5+ 55. Kf2 f6 56. Ra4 g4 57. Ke3 Nf7 58. Ra5+ e5 59. Ra6 Ng5 60. Ra4 Ne6 61. Rb4 Nd4 62. Ra4 Kg5 63. Ra5 Nf5+ 64. Kf2 Ne7 65. Rc5 Ng6 66. Ke3 f5 67. Rb5 Kf6 68. Rb6+ Kf7 69. Rb7+ Ne7 70. Ra7 Ke6 71. Ra6+ Kd5 72. Ra5+ Kd6 73. Ra6+ Nc6 74. Ra8 Nd4 75. Ra6+ Ke7 76. Rh6 Ne6 77. Rh7+ Kf6 78. Rh6+ Kf7 79. Rh1 Kg6 80. Ra1 f4+ 81. Ke4 Kf6 82. Ra6 fxg3 83. Ra3 Ng5+ 84. Kd5 Nf3 85. Ra2 Kf5 86. Re2 e4 87. Rg2 Kf4 88. Kc4 Ne5+ 89. Kc3 Kf3 0-1

[Event "Oslo Sveins op 6th"]
[Site "Oslo"]
[Date "2013.06.24"]
[Round "7"]
[White "Surender, Anil"]
[Black "Kjoita, Torgeir Jakhelln"]
[Result "0-1"]
[WhiteElo "2021"]
[BlackElo "1911"]
[PlyCount "60"]
[EventDate "2013.06.21"]
[EventType "swiss"]
[EventRounds "9"]
[EventCountry "NOR"]
[SourceTitle "CBM 155 Extra"]
[Source "ChessBase"]
[SourceDate "2013.08.26"]
[SourceVersion "1"]
[SourceVersionDate "2013.08.26"]
[SourceQuality "1"]

1. d4 Nf6 2. c4 c5 3. d5 e6 4. Nc3 exd5 5. cxd5 d6 6. e4 g6 7. f4 Bg7 8. Nf3 0-0 9. Bd3 Bg4 10. h3 Bxf3 11. Qxf3 a6 12. a4 Nbd7 13. 0-0 Qc7 14. Be3 Rab8 15. Rad1 c4 16. Bc2 b5 17. axb5 axb5 18. g4 b4 19. Ne2 Rfe8 20. Bd4 Nc5 21. Ng3 b3 22. Bb1 Na4 23. f5 g5 24. Rf2 Rbc8 25. Ne2 Qe7 26. h4 Nxe4 27. Bxg7 Nxf2 28. f6 Qxe2 29. Qxe2 Rxe2 30. hxg5 Nxd1 0-1

[Event "Oslo Sveins op 6th"]
[Site "Oslo"]
[Date "2013.06.21"]
[Round "1"]
[White "Westerinen, Heikki MJ"]
[Black "Kjoita, Torgeir Jakhelln"]
[Result "1-0"]
[WhiteElo "2318"]
[BlackElo "1911"]
[PlyCount "121"]
[EventDate "2013.06.21"]
[EventType "swiss"]
[EventRounds "9"]
[EventCountry "NOR"]
[SourceTitle "CBM 155 Extra"]
[Source "ChessBase"]
[SourceDate "2013.08.26"]
[SourceVersion "1"]
[SourceVersionDate "2013.08.26"]
[SourceQuality "1"]

1. e4 e5 2. Nf3 Nc6 3. Bb5 a6 4. Ba4 Bc5 5. 0-0 b5 6. Bb3 d6 7. c3 Bg4 8. Bd5 Qd7 9. Bxc6 Qxc6 10. Nxe5 dxe5 11. Qxg4 Nf6 12. Qe2 Qxe4 13. Qxe4 Nxe4 14. d3 Nf6 15. Be3 Bxe3 16. fxe3 0-0-0 17. d4 Ng4 18. Rxf7 Nxe3 19. Na3 exd4 20. cxd4 b4 21. Rc1 Rxd4 22. Rcxc7+ Kd8 23. Ra7 Rd1+ 24. Kf2 Rf1+ 25. Kxe3 Re8+ 26. Kd2 Rxf7 27. Rxf7 bxa3 28. bxa3 g6 29. Rxh7 Rf8 30. Ke3 Rf5 31. Rg7 g5 32. g3 Ra5 33. Ke4 Ke8 34. Rb7 Rxa3 35. Rb2 Ra5 36. Kf3 Kf7 37. Kg4 Kg6 38. Rb6+ Kg7 39. a4 Rxa4+ 40. Kxg5 Ra5+ 41. Kh4 Ra4+ 42. g4 a5 43. Kg5 Rc4 44. Rb7+ Kg8 45. Rb5 a4 46. Ra5 Kg7 47. h4 Rb4 48. h5 Rc4 49. h6+ Kh7 50. Kh5 Rb4 51. g5 Rb8 52. g6+ Kh8 53. h7 Kg7 54. Ra7+ Kf6 55. Kh6 a3 56. Rxa3 Kf5 57. Rf3+ Kg4 58. Rf7 Kh4 59. Kg7 Kg5 60. Ra7 Rb5 61. h8Q 1-0

[Event "Wch U16"]
[Site "Maribor"]
[Date "2012.11.18"]
[Round "11.43"]
[White "Krsnik Cohar, Ivan Vihor"]
[Black "Kjoita, Torgeir Jakhelln"]
[Result "1-0"]
[WhiteElo "2053"]
[BlackElo "1898"]
[PlyCount "131"]
[EventDate "2012.11.08"]
[EventType "swiss"]
[EventRounds "11"]
[EventCountry "SLO"]
[SourceTitle "EXT 2013"]
[Source "ChessBase"]
[SourceDate "2012.11.22"]
[SourceVersion "1"]
[SourceVersionDate "2012.11.22"]
[SourceQuality "1"]

1. c4 c5 2. Nc3 Nc6 3. Nf3 g6 4. g3 Bg7 5. Bg2 e5 6. 0-0 Nge7 7. d3 0-0 8. a3 d6 9. Qc2 Rb8 10. Rb1 a5 11. b3 Bg4 12. e3 Qd7 13. Re1 Na7 14. Bb2 b5 15. Nd2 b4 16. axb4 axb4 17. Nd5 Nxd5 18. Bxd5 Be6 19. Bg2 Nc6 20. Ra1 Ra8 21. f4 Rxa1 22. Rxa1 Bh3 23. Bxh3 Qxh3 24. Ne4 Qd7 25. fxe5 Nxe5 26. Bxe5 Bxe5 27. Ra6 f5 28. Nd2 Bc3 29. Nf1 Rf7 30. Qg2 Kg7 31. Qd5 Be5 32. d4 cxd4 33. exd4 Bf6 34. Rxd6 Qe7 35. Re6 Qb7 36. Ne3 Qxd5 37. Nxd5 Bxd4+ 38. Kg2 Bc3 39. Re3 Bd4 40. Re6 Bc3 41. Rb6 Kh6 42. Nxb4 f4 43. gxf4 Bd4 44. Rb8 Rxf4 45. Nd3 Rg4+ 46. Kf3 Rh4 47. c5 Rxh2 48. Ke4 Rh4+ 49. Kd5 Bc3 50. Ne5 Rd4+ 51. Kc6 g5 52. Rg8 Rf4 53. Nc4 g4 54. Ne3 Bg7 55. b4 g3 56. b5 Rf6+ 57. Kd5 Rg6 58. c6 Rg5+ 59. Ke4 g2 60. Nxg2 Rxg2 61. b6 Re2+ 62. Kd5 Rd2+ 63. Ke6 Rc2 64. c7 Rc6+ 65. Kd5 Rxb6 66. c8Q 1-0

[Event "Wch U16"]
[Site "Maribor"]
[Date "2012.11.11"]
[Round "4.44"]
[White "Kjoita, Torgeir Jakhelln"]
[Black "Vicente, Joao Vasco Reis"]
[Result "0-1"]
[WhiteElo "1898"]
[BlackElo "2042"]
[PlyCount "78"]
[EventDate "2012.11.08"]
[EventType "swiss"]
[EventRounds "11"]
[EventCountry "SLO"]
[SourceTitle "EXT 2013"]
[Source "ChessBase"]
[SourceDate "2012.11.22"]
[SourceVersion "1"]
[SourceVersionDate "2012.11.22"]
[SourceQuality "1"]

1. e4 c5 2. Nf3 Nc6 3. d4 cxd4 4. Nxd4 g6 5. Nc3 Bg7 6. Be3 Nf6 7. Bc4 0-0 8. Bb3 d6 9. h3 Bd7 10. 0-0 Nxd4 11. Bxd4 Bc6 12. Qd3 a5 13. Nd5 Nd7 14. c3 Nc5 15. Bxc5 dxc5 16. Qe3 e6 17. Nf4 Qc7 18. Rad1 Rfd8 19. Ne2 b6 20. Bc2 Rxd1 21. Rxd1 Rd8 22. Rxd8+ Qxd8 23. Qd3 Qe7 24. Ng3 Be5 25. Nf1 b5 26. b3 Qf6 27. Ne3 Bxc3 28. Qd6 Be8 29. Ng4 Qg5 30. f4 Qh4 31. Qxc5 Bg7 32. Bd3 h5 33. Qc8 Bd4+ 34. Kh2 hxg4 35. Qxe8+ Kg7 36. Qxb5 g3+ 37. Kh1 Qxf4 38. Qc4 Qe3 39. Qc7 Qg1# 0-1

[Event "Oslo Sveins op 5th"]
[Site "Oslo"]
[Date "2012.06.22"]
[Round "3"]
[White "Kjoita, Torgeir Jakhelln"]
[Black "Omtvedt, Per"]
[Result "0-1"]
[WhiteElo "1880"]
[BlackElo "2117"]
[PlyCount "86"]
[EventDate "2012.06.22"]
[EventType "swiss"]
[EventRounds "9"]
[EventCountry "NOR"]
[SourceTitle "CBM 149 Extra"]
[Source "ChessBase"]
[SourceDate "2012.08.24"]
[SourceVersion "1"]
[SourceVersionDate "2012.08.24"]
[SourceQuality "1"]

1. g3 f5 2. d4 Nf6 3. Bg2 e6 4. c4 d5 5. c5 b6 6. b4 a5 7. bxa5 bxc5 8. Bd2 cxd4 9. Nf3 Nc6 10. Qa4 Bd7 11. 0-0 Nxa5 12. Qxd4 c5 13. Qh4 Bd6 14. a4 0-0 15. Nc3 Nb3 16. Rab1 c4 17. Be3 Qa5 18. Nb5 Bxb5 19. axb5 Qxb5 20. Nd4 Qd7 21. Nxb3 cxb3 22. Rxb3 Ra4 23. Rb7 Rxh4 24. Rxd7 Nxd7 25. gxh4 Be7 26. Bg5 Bxg5 27. hxg5 Rc8 28. Rd1 Ne5 29. e3 Kf7 30. Bf1 Nf3+ 31. Kg2 Nxg5 32. f3 Kf6 33. Ba6 Rc2+ 34. Kg3 Rc3 35. Kf2 f4 36. Bd3 fxe3+ 37. Kxe3 Ra3 38. f4 Ne4 39. Rc1 h6 40. Rc2 Rc3 41. Rg2 Nc5 42. Kd4 Rxd3+ 43. Kxc5 Rf3 0-1

[Event "Oslo Sveins op 5th"]
[Site "Oslo"]
[Date "2012.06.22"]
[Round "5"]
[White "Kjoita, Torgeir Jakhelln"]
[Black "Ostby, Martin Bergsjo"]
[Result "1/2-1/2"]
[WhiteElo "1880"]
[BlackElo "1734"]
[PlyCount "77"]
[EventDate "2012.06.22"]
[EventType "swiss"]
[EventRounds "9"]
[EventCountry "NOR"]
[SourceTitle "CBM 149 Extra"]
[Source "ChessBase"]
[SourceDate "2012.08.24"]
[SourceVersion "1"]
[SourceVersionDate "2012.08.24"]
[SourceQuality "1"]

1. e4 c5 2. c3 e6 3. d4 d5 4. e5 Nc6 5. Nf3 Qb6 6. a3 Nge7 7. b4 cxd4 8. cxd4 Nf5 9. Bb2 Be7 10. Bd3 Bd7 11. Bxf5 exf5 12. Nc3 Be6 13. 0-0 0-0 14. Rc1 g5 15. Na4 Qd8 16. Nc5 g4 17. Ne1 Bc8 18. Ned3 Bg5 19. Rc2 b6 20. Nb3 Qd7 21. f4 Bd8 22. Re2 Qe6 23. Re3 Kh8 24. h3 Rg8 25. g3 Ba6 26. Kf2 Bc4 27. Nbc1 a5 28. Rh1 axb4 29. axb4 Be7 30. Bc3 Ra3 31. Bb2 Ra7 32. hxg4 Bxb4 33. gxf5 Qxf5 34. Rh5 Qg4 35. Qh1 Rg7 36. f5 Bd2 37. Rf3 f6 38. Rh4 Qg5 39. Rh5 1/2-1/2

[Event "Oslo op ELO"]
[Site "Oslo"]
[Date "2011.10.02"]
[Round "2"]
[White "Eriksen, Magnus"]
[Black "Kjoita, Torgeir Jakhelln"]
[Result "1-0"]
[WhiteElo "2028"]
[BlackElo "1866"]
[PlyCount "93"]
[EventDate "2011.10.02"]
[EventType "swiss"]
[EventRounds "9"]
[EventCountry "NOR"]
[SourceTitle "EXT 2023"]
[Source "ChessBase"]
[SourceDate "2022.10.05"]
[SourceVersion "1"]
[SourceVersionDate "2022.10.05"]
[SourceQuality "1"]

1. e4 e5 2. Nf3 Nc6 3. Bb5 a6 4. Ba4 Nf6 5. Qe2 Be7 6. c3 b5 7. Bc2 d6 8. 0-0 0-0 9. Rd1 Re8 10. d3 Bg4 11. Nbd2 Qd7 12. h3 Bh5 13. Nf1 Bg6 14. N3h2 Rad8 15. Ng3 d5 16. Ng4 Nh5 17. Nxh5 Bxh5 18. Nh6+ gxh6 19. Qxh5 Bf8 20. exd5 Ne7 21. Qxe5 Bg7 22. Qh5 Ng6 23. d4 Qd6 24. Bd2 Ne7 25. Re1 Nxd5 26. Qf5 Qg6 27. Rxe8+ Rxe8 28. Qd7 Qe6 29. Qxe6 Rxe6 30. Kf1 b4 31. Re1 bxc3 32. bxc3 c5 33. Rxe6 fxe6 34. dxc5 Nxc3 35. c6 Nb5 36. a4 Nc7 37. Ke2 h5 38. Bf4 e5 39. Be3 Bf8 40. Bb3+ Kg7 41. Kf3 Bd6 42. Ke4 Ne8 43. Bc4 Nc7 44. Kf5 h6 45. Bb6 Na8 46. Bd8 Nc7 47. Bf6+ 1-0